书目信息 |
| 题名: |
增长的力量
|
|
| 作者: | 侯维栋 著 | |
| 分册: | ||
| 出版信息: | 北京 中国金融出版社 2012 |
|
| 页数: | 372页 | |
| 开本: | 24cm | |
| 丛书名: | ||
| 单 册: | ||
| 中图分类: | F830.4 | |
| 科图分类: | ||
| 主题词: | 商业银行--金融产品--产品管理--研究--中国 , 商业银行 , 金融产品 , 产品管理 | |
| 电子资源: | ||
| ISBN: | 978-7-5049-6187-7 | |
| 000 | 01016nam0 2200301 450 | |
| 001 | 523 | |
| 005 | 20140909102254.20 | |
| 010 | @a978-7-5049-6187-7@dCNY42.00 | |
| 100 | @a20120222d2012 em y0chiy50 ea | |
| 101 | 0 | @achi |
| 102 | @aCN@b110000 | |
| 105 | @ay z 001yy | |
| 106 | @ar | |
| 200 | 1 | @a增长的力量@e中国商业银行产品创新管理@f侯维栋著 |
| 210 | @a北京@c中国金融出版社@d2012 | |
| 215 | @a372页@d24cm | |
| 312 | @a封面英文题名:The power for growth | |
| 330 | @a本书以增长的力量为纲,以创新模型“PERFECT”为主线,借用中国国学“道、法、术”的逻辑,全面阐述了创新管理之道,从中国商业银行产品创新管理的规划、实施、营销、评估与改进的视角对中国银行业的创新发展进行了梳理。 | |
| 510 | 1 | @aPower for growth@zeng |
| 517 | 1 | @a中国商业银行产品创新管理 |
| 606 | 0 | @a商业银行@x金融产品@x产品管理@x研究@y中国 |
| 606 | 0 | @a商业银行 |
| 606 | 0 | @a金融产品 |
| 606 | 0 | @a产品管理 |
| 690 | @aF830.4@v5 | |
| 701 | 0 | @a侯维栋@4著 |
| 801 | 0 | @aCN@bTANGWEI@c20140603 |
| 905 | @b0842453-55@dF830.4@e247@f3 | |
| 增长的力量:中国商业银行产品创新管理/侯维栋著.-北京:中国金融出版社,2012 |
| 372页;24cm |
| ISBN 978-7-5049-6187-7:CNY42.00 |
| 本书以增长的力量为纲,以创新模型“PERFECT”为主线,借用中国国学“道、法、术”的逻辑,全面阐述了创新管理之道,从中国商业银行产品创新管理的规划、实施、营销、评估与改进的视角对中国银行业的创新发展进行了梳理。 |
| ● |
| 相关链接 |
|
|
|
|
正题名:增长的力量
索取号:F830.4/247
 
预约/预借
| 序号 | 登录号 | 条形码 | 馆藏地/架位号 | 状态 | 备注 |
| 1 | 0842453 | 208424533 | 第一样本阅览室/ [索取号:F830.4/247] | 在馆 | |
| 2 | 0842454 | 208424542 | 第一借阅区/ [索取号:F830.4/247] | 在馆 | |
| 3 | 0842455 | 208424551 | 密集书库-海洋学院/ [索取号:F830.4/247] | 在馆 |